000 00351nam a2200145Ia 4500
008 230917s9999||||xx |||||||||||||| ||und||
040 _e136924
_aMAIN
041 _aEnglish
082 _a519.5 G643O
100 _aGupta, M K
245 0 _aOutline of statistical theory
260 _aCalcutta
_bWorld Press
_c1987
300 _a552p p.
942 _cBK
999 _c232300
_d232300